000 01130nam a2200325 c 4500
999 _c70111
_d70111
003 BLK
005 20220217141702.0
008 180408b bul|||||r ||||||| ||bul||
010 _aKNG00074465000
020 _a954-336-014-6
040 _aBLK
041 _aBUL
_cBUL
072 7 _2bullib
_aК
_xКраезнание
072 7 _2bullib
_aЯ
_xАвтографи
080 _aБългарска литература
_b821.163.2
_x-1
_z821.163.2-1
100 1 _aПавлова, Иванка Стаменова
_eпърви автор
_9273501
139 _aПавлова, Иванка Стаменова
_bП 13
245 1 0 _aМежду да и не
_cИванка Стаменова Павлова.
257 _aBGR
260 _bСтигмати
_c2006
300 _a128 с.
_c20 см
380 _aX
500 _aСъдържа и Разместване на пластовете : Поема.
659 _aЯ
852 _aЦб 233506
852 _aК 821.163.2/П 13 И
856 4 _qpdf
856 4 _qpdf
942 _cKNG
_n0
_s1
944 _aCR
_c25.04.2007
_lф /
_kМилена_Ачева
944 _aED
_c12.01.2009
_lф /
999 _d70111